000 00770nam a2200229Ia 4500
003 GCL
005 20240530110131.0
008 140319s9999 xx 000 0 ara d
040 _aGCL /
_cGCL
082 0 4 _a953.03
_bا ا
100 1 _aابن قتيبة الدينورى : ابو محمد عبد الله بن مسلم
245 1 0 _aالامامة والسياسة /
_cابن قتيبة الدينورى : ابو محمد عبد الله بن مسلم
260 _a[S.N] :
_bمؤسسة الحلبى
300 _a182 ص
650 0 4 _aالاسلام
650 0 4 _aالخلافة
650 0 4 _aالتاريخ الاسلامى
650 0 4 _aالتاريخ
650 0 4 _aالامامة
700 1 _aطه محمد الزينى (تحقيق)
942 _2ddc
_cBK
999 _c58808
_d58808